[Event "Ch Europe"]
[Site "masterchessopen.com Warsaw (Poland)"]
[Date "2005.06.26"]
[Round "8"]
[White "Dworakowska Joanna (POL)"]
[Black "Galazewski Tomasz (POL)"]
[Result "1-0"]
[WhiteElo "2377"]
[BlackElo "2160"]

1.e4 c5 2.Nf3 d6 3.d4 cxd4 4.Nxd4 Nf6 5.Nc3 Nc6 6.Bg5 e6 7.Qd2 a6 8.O-O-O Bd7
9.f4 Qc7 10.Bxf6 gxf6 11.Kb1 O-O-O 12.Be2 Rg8 13.g3 Nxd4 14.Qxd4 Qc5 15.Qd3
Bc6 16.Rhf1 b5 17.f5 Be7 18.Bh5 Rg7 19.Bf3 Qe5 20.Ne2 d5 21.Nd4 Bb7 22.exd5
Bxd5 23.Qc3+ Qc7 24.Bxd5 exd5 25.Nc6 Rd7 26.Rxd5 Kb7 27.Nxe7 Rxe7 28.Rc5 Qd6
29.Qf3+ {#r} 1-0

[Event "It (juniors)"]
[Site "masterchessopen.com St. Lo (France)"]
[Round "3"]
[White "Barbet Loic (FRA)"]
[Black "Hou Yifan (CHN)"]
[Result "0-1"]
[WhiteElo "2051"]
[BlackElo "2220"]

1.e4 c5 2.Nf3 d6 3.d4 cxd4 4.Nxd4 Nf6 5.Nc3 Nc6 6.Bg5 e6 7.Qd2 a6 8.O-O-O Bd7
9.f3 b5 10.g4 Be7 11.h4 Qa5 12.Kb1 Ne5 13.Bxf6 gxf6 14.b3 Rc8 15.Nce2 Qxd2
16.Rxd2 h5 17.gxh5 Rxh5 18.Nf4 Rh8 19.Nd3 Bf8 20.f4 Bh6 21.Rf2 Nxd3 22.Bxd3
Ke7 23.c4 bxc4 24.Bxc4 a5 25.Rh3 e5 26.Nf5+ Bxf5 27.exf5 Bxf4 28.h5 Rc5 {#R}
0-1

[Event "It (open)"]
[Site "masterchessopen.com Prague (Czech Republic)"]
[Date "2005.07.02"]
[Round "1"]
[White "Zeleny Tomas (CZE)"]
[Black "Prachar Josef (CZE)"]
[Result "1-0"]
[WhiteElo "2276"]
[BlackElo "2031"]

1.e4 c5 2.Nf3 Nc6 3.Nc3 d6 4.d4 cxd4 5.Nxd4 Nf6 6.Bg5 e6 7.Qd2 a6 8.O-O-O Bd7
9.f4 Nxd4 10.Qxd4 Be7 11.e5 dxe5 12.fxe5 Nd5 13.Bxe7 Nxe7 14.Ne4 Nf5 15.Qb4
Qc7 16.g4 Ne7 17.Nd6+ Kf8 18.Bg2 Bc6 19.Bxc6 bxc6 20.Rhf1 {#r} 1-0

[Event "Ch Netherlands (open)"]
[Site "masterchessopen.com Dieren (Netherlands)"]
[Date "2005.08.03"]
[Round "8"]
[White "Pruijssers Roeland (NED)"]
[Black "Hoeksema Hendrik Pieter (NED)"]
[Result "0-1"]
[WhiteElo "2310"]
[BlackElo "2401"]

1.e4 c5 2.Nf3 d6 3.d4 cxd4 4.Nxd4 Nf6 5.Nc3 Nc6 6.Bg5 e6 7.Qd2 a6 8.O-O-O Bd7
9.f4 b5 10.Bxf6 gxf6 11.Kb1 Qb6 12.Nxc6 Bxc6 13.f5 Qc5 14.Bd3 h5 15.h4 b4
16.Ne2 Bh6 17.Qe1 e5 18.Rh3 Ke7 19.Ng3 Be3 20.Qe2 a5 21.Nxh5 Bd4 22.g4 a4
23.Bc4 Rag8 24.b3 Qb6 25.Bxf7 Kxf7 26.Qc4+ d5 27.exd5 Bb5 28.Qxb4 Rxg4 {#R}
0-1

[Event "It (cat.12)"]
[Site "masterchessopen.com Montreal (Canada)"]
[Date "2005.08.14"]
[Round "11"]
[White "Efimenko Zahar (UKR)"]
[Black "Tyomkin Dimitri (CAN)"]
[Result "1-0"]
[WhiteElo "2637"]
[BlackElo "2473"]

1.e4 c5 2.Nf3 Nc6 3.d4 cxd4 4.Nxd4 Nf6 5.Nc3 d6 6.Bg5 e6 7.Qd2 a6 8.O-O-O Bd7
9.f3 Be7 10.Be3 h5 11.Kb1 Qc7 12.h3 Rc8 13.Bd3 b5 14.g4 Nxd4 15.Bxd4 b4 16.Ne2
e5 17.Be3 Be6 18.g5 Nd7 19.f4 exf4 20.Nxf4 Ne5 21.Nxe6 fxe6 22.Bxa6 Rb8
23.Rhf1 Rf8 24.Qe2 Rxf1 25.Qxf1 Nd7 26.Qe2 g6 27.Bc4 Nf8 28.h4 Qxc4 29.Qxc4 d5
{#r} 1-0

[Event "It (open)"]
[Site "masterchessopen.com Porto San Giorgio (Italy)"]
[Date "2005.08.29"]
[Round "8"]
[White "Collutiis Duilio (ITA)"]
[Black "Tomescu Vlad (ROM)"]
[Result "1-0"]
[WhiteElo "2394"]
[BlackElo "2392"]

1.e4 c5 2.Nf3 Nc6 3.d4 cxd4 4.Nxd4 Nf6 5.Nc3 d6 6.Bg5 e6 7.Qd2 a6 8.O-O-O Bd7
9.f4 h6 10.Bh4 g5 11.fxg5 Ng4 12.Be2 Nge5 13.Nf3 Be7 14.Rhg1 Rg8 15.Bg3 Nxf3
16.gxf3 Bxg5 17.f4 Be7 18.Bh4 Rxg1 19.Rxg1 Bxh4 20.Rg8+ Ke7 21.Rxd8 Rxd8
22.Qe3 Rg8 23.Qh3 Bf6 24.e5 dxe5 25.Ne4 Bg7 26.Qa3+ Kd8 27.Nd6 exf4 28.Nxb7+
{#r} 1-0

[Event "It (open)"]
[Site "masterchessopen.com Imperia (Italy)"]
[Date "2005.08.30"]
[Round "3"]
[White "Ermenkov Evgenij (PLE)"]
[Black "Banas Jan (SVK)"]
[Result "1-0"]
[WhiteElo "2475"]
[BlackElo "2374"]

1.e4 c5 2.Nf3 d6 3.d4 cxd4 4.Nxd4 Nf6 5.Nc3 Nc6 6.Bg5 e6 7.Qd2 a6 8.O-O-O Bd7
9.f4 h6 10.Bh4 Nxe4 11.Qe1 Nf6 12.Nf5 Qa5 13.Nxd6+ Bxd6 14.Rxd6 Qc7 15.Rd2
O-O-O 16.Ne4 Nxe4 17.Qxe4 Rde8 18.Bg3 Qa5 19.Bc4 Rd8 20.Rhd1 Ne7 21.f5 Nxf5
22.Be1 Bc6 23.Bxe6+ fxe6 24.Qxe6+ {#r} 1-0

[Event "It \"]
[Site "masterchessopen.com Barcelona (Spain)"]
[Round "6"]
[White "Gonzalez Yuri (CUB)"]
[Black "Aloma Vidal Robert (ESP)"]
[Result "1-0"]
[WhiteElo "2524"]
[BlackElo "2263"]

1.e4 c5 2.Nf3 d6 3.d4 cxd4 4.Nxd4 Nf6 5.Nc3 Nc6 6.Bg5 e6 7.Qd2 a6 8.O-O-O Bd7
9.f3 b5 10.Nxc6 Bxc6 11.Ne2 h6 12.Be3 Qc7 13.Nd4 Bb7 14.Kb1 Nd7 15.h4 Ne5
16.Bd3 g6 17.Rhf1 Bg7 18.Bxb5+ axb5 19.Nxb5 Qc6 20.Nxd6+ Ke7 21.Qb4 g5 22.hxg5
hxg5 23.Nf5+ {#r} 1-0

[Event "Ch Russia (students)"]
[Site "masterchessopen.com Nizhnij Tagil (Russia)"]
[Date "2005.10.08"]
[Round "5"]
[White "Sultimov Bulat (RUS)"]
[Black "Chistiakova Tamara (RUS)"]
[Result "0-1"]
[WhiteElo "2243"]
[BlackElo "2321"]

1.e4 c5 2.Nf3 d6 3.d4 Nf6 4.Nc3 cxd4 5.Nxd4 Nc6 6.Bg5 e6 7.Qd2 a6 8.O-O-O Bd7
9.f4 b5 10.Qe1 Nxd4 11.Rxd4 Qb6 12.Rd3 Be7 13.Be2 b4 14.Nd1 h6 15.Bxf6 Bxf6
16.Qd2 Be7 17.Rd4 a5 18.Ne3 b3 19.cxb3 O-O 20.Kb1 a4 21.Nc4 Qb8 22.Nxd6 axb3
23.a3 Bc6 24.Bf3 Ra6 25.Rd1 Rd8 26.e5 Bxf3 27.gxf3 Bxd6 28.Rxd6 Raxd6 29.exd6
Qb5 30.Qd3 Qb6 31.d7 g6 {#R} 0-1

[Event "It (open)"]
[Site "masterchessopen.com Hamburg (Germany)"]
[Date "2005.10.09"]
[Round "9"]
[White "Nijboer Friso (NED)"]
[Black "Baklan Vladimir (UKR)"]
[Result "1-0"]
[WhiteElo "2545"]
[BlackElo "2590"]

1.e4 c5 2.Nf3 d6 3.d4 cxd4 4.Nxd4 Nf6 5.Nc3 Nc6 6.Bg5 e6 7.Qd2 a6 8.O-O-O Bd7
9.f4 b5 10.Bxf6 gxf6 11.Kb1 Qb6 12.Nxc6 Bxc6 13.Qe1 O-O-O 14.Qh4 Be7 15.Bd3 h5
16.Rhe1 Rde8 17.f5 Qc5 18.Ne2 e5 19.Nc3 Bd8 20.Bf1 Bb6 {#r} 1-0

[Event "Extraliga 2005/06"]
[Site "masterchessopen.com Czech Republic"]
[Date "2005.10.15"]
[Round "1"]
[White "Bindrich Falko (GER)"]
[Black "Walek Milan (CZE)"]
[Result "1-0"]
[WhiteElo "2391"]
[BlackElo "2374"]

1.e4 c5 2.Nf3 d6 3.d4 cxd4 4.Nxd4 Nf6 5.Nc3 Nc6 6.Bg5 e6 7.Qd2 a6 8.O-O-O Bd7
9.f3 Rc8 10.Nxc6 Bxc6 11.Kb1 Qa5 12.h4 Be7 13.h5 h6 14.Bh4 b5 15.a3 Qc7 16.Bd3
O-O 17.g4 Rb8 18.g5 Nh7 19.gxh6 Bxh4 20.hxg7 Bf6 21.gxf8=Q+ Kxf8 22.Ne2 b4
23.axb4 a5 24.e5 Bxe5 25.Bxh7 Bd5 26.Be4 Rxb4 27.c3 Rxe4 28.fxe4 Bxe4+ 29.Kc1
Qc6 30.Rh4 {#r} 1-0

[Event "It (open)"]
[Site "masterchessopen.com Hoogeveen (Netherlands)"]
[Date "2005.10.22"]
[Round "2"]
[White "Jens Jelmer (NED)"]
[Black "Baklan Vladimir (UKR)"]
[Result "0-1"]
[WhiteElo "2366"]
[BlackElo "2590"]

1.e4 c5 2.Nf3 d6 3.d4 cxd4 4.Nxd4 Nf6 5.Nc3 Nc6 6.Bg5 e6 7.Qd2 a6 8.O-O-O Bd7
9.f4 h6 10.Bh4 g5 11.fxg5 Ng4 12.Nxc6 Bxc6 13.Be2 Ne5 14.Kb1 Be7 15.Rhf1 Bxg5
16.Bxg5 hxg5 17.h3 Rh4 18.Qxd6 Qxd6 19.Rxd6 Ke7 20.Rd2 Rg8 21.Kc1 g4 22.hxg4
Nxg4 23.Bf3 Ne5 24.Rdf2 Rg7 25.b3 Rh2 26.Kd2 f6 27.a3 Rg8 28.Re2 Rc8 29.Rc1
Bd7 30.a4 Rxc3 31.Kxc3 Nxf3 {#R} 0-1

[Event "Ch Romania"]
[Site "masterchessopen.com Baile Tusnad (Romania)"]
[Date "2005.12.04"]
[Round "9"]
[White "Valeanu Eduard-Andrei (ROM)"]
[Black "Bucur Oliver (ROM)"]
[Result "0-1"]
[WhiteElo "2380"]
[BlackElo "2289"]

1.e4 c5 2.Nf3 Nc6 3.d4 cxd4 4.Nxd4 Nf6 5.Nc3 d6 6.Bg5 e6 7.Qd2 a6 8.O-O-O Bd7
9.f4 b5 10.Bxf6 gxf6 11.Kb1 b4 12.Nce2 Qb6 13.Nxc6 Bxc6 14.f5 e5 15.Ng3 Qc5
16.Bd3 a5 17.Nh5 Ke7 18.h4 Rg8 19.Qe2 Rc8 20.Ba6 Rc7 21.Rh3 Bh6 22.b3 a4 23.g4
axb3 24.cxb3 Ra8 25.Bc4 Rca7 26.a4 Bxa4 27.bxa4 Rxa4 28.Bb3 Ra1+ 29.Kb2 Bc1+
{#R} 0-1

[Event "Ch Belgium (team) 2005/06"]
[Site "masterchessopen.com Belgium"]
[Date "2005.12.04"]
[Round "5"]
[White "Decoster Frederic (BEL)"]
[Black "Jens Jelmer (NED)"]
[Result "0-1"]
[WhiteElo "2145"]
[BlackElo "2366"]

1.e4 c5 2.Nf3 d6 3.d4 cxd4 4.Nxd4 Nf6 5.Nc3 Nc6 6.Bg5 e6 7.Qd2 a6 8.O-O-O Bd7
9.f4 b5 10.e5 dxe5 11.fxe5 Nxe5 12.Qf4 Qb8 13.Nf3 Ng6 14.Qd2 Ra7 15.Bxf6 gxf6
16.Ne4 Be7 17.Qd4 Ne5 18.Be2 Bc6 19.Nxe5 fxe5 20.Qe3 O-O 21.g4 Kh8 22.Rhg1 Rg8
23.Bd3 Rd7 24.g5 Qa7 25.Qg3 Qc7 26.Qh4 Rg7 27.Nf6 Rd4 28.Qh6 e4 29.Nh5 Rg6
{#R} 0-1

[Event "Ch Brazil"]
[Site "masterchessopen.com Guarulhos (Brazil)"]
[Date "2005.12.13"]
[Round "2"]
[White "Fier Alexander Hilario Takeda (BRA)"]
[Black "Milos Gilberto (BRA)"]
[Result "1-0"]
[WhiteElo "2443"]
[BlackElo "2620"]

1.e4 c5 2.Nf3 Nc6 3.d4 cxd4 4.Nxd4 Nf6 5.Nc3 d6 6.Bg5 e6 7.Qd2 a6 8.O-O-O Bd7
9.f4 b5 10.Bxf6 gxf6 11.f5 Nxd4 12.Qxd4 Bh6+ 13.Kb1 Bf4 14.fxe6 fxe6 15.Ne2
Be5 16.Qd2 Qb6 17.Nf4 Ke7 18.g3 a5 19.Bh3 b4 20.Rhf1 Rhf8 21.Nd3 Bd4 22.Qh6
Qb5 23.Nf4 {#r} 1-0

[Event "Ch Europe (active)"]
[Site "masterchessopen.com Warsaw (Poland)"]
[Date "2005.12.17"]
[Round "7"]
[White "Jaracz Barbara (POL)"]
[Black "Miton Kamil (POL)"]
[Result "0-1"]
[WhiteElo "2281"]
[BlackElo "2636"]

1.e4 c5 2.Nf3 d6 3.d4 cxd4 4.Nxd4 Nf6 5.Nc3 Nc6 6.Bg5 e6 7.Qd2 a6 8.O-O-O Bd7
9.f3 Be7 10.h4 Qc7 11.g4 b5 12.Be3 Ne5 13.Bd3 b4 14.Nce2 d5 15.g5 Nxd3+
16.Qxd3 dxe4 17.fxe4 Ng4 18.Bf4 e5 19.Bg3 g6 20.Kb1 Qb7 21.Nb3 Be6 22.Qf3 h5
23.gxh6 Rxh6 24.Nec1 Rh5 25.Nd3 Rc8 26.Rd2 Qb6 27.Nf2 Qe3 28.Qxe3 Nxe3 29.Nd3
Nc4 30.Rdd1 a5 31.Bf2 Bg4 {#R} 0-1

[Event "Ch England (team) 2005/06 (3 div)"]
[Site "masterchessopen.com England"]
[Date "2006.01.15"]
[Round "6"]
[White "Taylor Phil (ENG)"]
[Black "Jeffries Majid (ENG)"]
[Result "1-0"]
[WhiteElo "2082"]
[BlackElo "2014"]

1.e4 c5 2.Nf3 d6 3.d4 cxd4 4.Nxd4 Nf6 5.Nc3 Nc6 6.Bg5 e6 7.Qd2 a6 8.O-O-O Bd7
9.Be2 h6 10.Nxc6 Bxc6 11.Bxf6 Qxf6 12.f4 Be7 13.Bf3 O-O 14.h4 Rfe8 15.g4 g5
16.hxg5 hxg5 17.Ne2 Bf8 18.Rh5 Bg7 19.c3 gxf4 20.g5 Qe7 21.Qxf4 Rad8 22.Rdh1
f5 23.gxf6 Qxf6 24.Qg3 Rf8 25.Bg2 Be8 26.Rh8+ Kf7 27.Rxf8+ Kxf8 28.Rf1 Bh6+
29.Kc2 Qxf1 30.Bxf1 e5 31.Qh4 {#r} 1-0

[Event "Cup Winter"]
[Site "masterchessopen.com Bucharest (Romania)"]
[Date "2006.01.21"]
[Round "8"]
[White "Chirila Ioan Cristian (ROM)"]
[Black "Murariu Andrei (ROM)"]
[Result "0-1"]
[WhiteElo "2308"]
[BlackElo "2516"]

1.e4 c5 2.Nf3 Nc6 3.d4 cxd4 4.Nxd4 Nf6 5.Nc3 d6 6.Bg5 e6 7.Qd2 a6 8.O-O-O Bd7
9.f4 h6 10.Bh4 g5 11.fxg5 Ng4 12.Kb1 Be7 13.Be2 Nge5 14.Rhf1 hxg5 15.Bg3 b5
16.Nxc6 Bxc6 17.Bd3 Qb6 18.Qe1 b4 19.Bxe5 dxe5 20.Nd5 exd5 21.exd5 Bd7 22.Qxe5
f6 23.Bg6+ Kd8 24.Qe4 Rh4 25.Qd3 Bb5 26.Qf5 Bxf1 27.d6 Bxd6 28.Qxf6+ Kc7
29.Qf7+ Kb8 30.Qxf1 Ka7 31.Qf7+ Bc7 {#R} 0-1

[Event "Bayern Landesliga South 2005/06"]
[Site "masterchessopen.com Bayern (Germany)"]
[Date "2006.01.29"]
[Round "6"]
[White "Eckerl Uwe"]
[Black "Fauth Dietmar Dr (GER)"]
[Result "0-1"]
[WhiteElo "2238"]
[BlackElo "2236"]

1.e4 c5 2.Nf3 Nc6 3.d4 cxd4 4.Nxd4 Nf6 5.Nc3 d6 6.Bg5 e6 7.Qd2 a6 8.O-O-O Bd7
9.f4 b5 10.Bxf6 gxf6 11.f5 Qb6 12.Nxc6 Bxc6 13.fxe6 fxe6 14.Qf4 Be7 15.Be2
O-O-O 16.Bg4 Bd7 17.Qf3 Qc5 18.Ne2 Kb8 19.Nd4 Rc8 20.Rhe1 f5 21.exf5 e5 22.b4
Qc4 23.Kb1 Bf6 24.Qd3 exd4 25.Qxc4 Rxc4 26.Rd3 Rhc8 27.Re2 Rxb4+ 28.Rb3 Rxb3+
29.axb3 Rc3 {#R} 0-1

[Event "It (open) \"]
[Site "masterchessopen.com Moscow (Russia)"]
[Date "2006.02.10"]
[Round "4"]
[White "Shomoev Anton (RUS)"]
[Black "Lugovoi Aleksei (RUS)"]
[Result "0-1"]
[WhiteElo "2528"]
[BlackElo "2531"]

{ Shomoev Anton (RUS) +1 =1 -1 Lugovoi Aleksei (RUS) +0 =5 -5 } 1.e4 c5 2.Nf3
d6 3.d4 cxd4 4.Nxd4 Nf6 5.Nc3 Nc6 6.Bg5 e6 7.Qd2 a6 8.O-O-O Bd7 9.f3 Rc8 { ?/=
} ( 9...Be7 10.h4 h5 11.Kb1 Rc8 12.Nxc6 Bxc6 13.Bd3 b5 14.Rhe1 Qc7 15.Ne2 e5
16.Ng3 g6 17.f4 Ng4 18.f5 Qa7 19.fxg6 fxg6 20.Be2 Rd8 21.Bxg4 hxg4 22.h5 Rg8
23.Bxe7 Qxe7 24.hxg6 Rxg6 25.Rh1 Qf8 26.Rdf1 Qg8 27.Qf2 d5 28.Rh8 { 1-0,
Yandarbiev Ruslan 2404 - Lugovoi Aleksei 2550 , Krasnoyarsk 2003 Ch Russia } )
10.g4 ( 10.Kb1 Be7 11.g4 O-O 12.Be3 Nxd4 13.Bxd4 b5 14.g5 Ne8 15.h4 Nc7 16.Ne2
Rb8 17.Ng3 Re8 18.f4 Bf8 19.f5 d5 20.g6 fxg6 21.fxg6 e5 22.gxh7+ Kh8 23.Bf2
Be6 24.Qa5 Qd7 25.Bd3 d4 26.Ne2 b4 27.Nc1 Qc6 { 1/2-1/2, Karpov Anatoly 2705 -
Hort Vlastimil 2600 , Montreal 1979 It (cat.15) } ) ( 10.h4 h6 11.Be3 h5
12.Nb3 b5 13.Qf2 Qc7 14.Kb1 Rb8 15.Bg5 Ne5 16.f4 Neg4 17.Qf3 b4 18.Ne2 Be7
19.Ng3 a5 20.Nd2 g6 21.Nc4 Bc6 22.Bd3 O-O 23.Qe2 d5 24.exd5 Nxd5 25.Bxg6 fxg6
26.Qxe6+ Kh7 27.f5 gxf5 28.Bxe7 Nxe7 29.Nxh5 Bd5 { ...1-0, Shirov Alexei 2734
- Damljanovic Branko 2554 , Batumi 1999 Ch Europe (team) } ) 10...b5 (
10...Be7 11.h4 Ne5 12.Be3 b5 13.g5 Nh5 14.f4 Nc4 15.Bxc4 Rxc4 16.Rhg1 g6 17.f5
b4 18.Qe2 Qc7 19.Nb1 e5 20.Nb3 gxf5 21.c3 Rxe4 22.Qxh5 Rxe3 23.g6 fxg6 24.Rxg6
hxg6 25.Qxh8+ Bf8 26.Qg8 Rg3 27.h5 f4 28.h6 bxc3 29.h7 c2 30.Qxf8+ { ...0-1,
Tomkins Ken 2345 - Ivanov Alexander 2606 , San Mateo 1989 It (active) } ) (
10...h6 11.Be3 Ne5 12.h4 b5 13.Bd3 b4 14.Nce2 d5 15.exd5 Nxd5 16.Nf4 Nxd3+
17.Qxd3 Nxe3 18.Qxe3 Bc5 19.Nh5 O-O 20.g5 Qc7 21.Rd2 Ba4 22.gxh6 Bxc2 23.hxg7
Bg6 24.gxf8=Q+ Bxf8+ 25.Nc2 Bxc2 26.Nf6+ Kh8 27.Ne8 Qc6 28.Qe5+ Kg8 29.Rd6
Bh6+ { 0-1, Gazik Igor 2395 - Popovic Petar 2498 , Stary Smokovec 1991 It
(cat.10) "Tatransky pohar" } ) ( 10...h5 11.gxh5 Rxh5 12.Nxc6 { -0.22 CAP } )
11.Be3 ( 11.Nxc6 Rxc6 12.Bd3 Be7 13.Ne2 O-O 14.h4 h5 15.gxh5 Nxh5 16.Rhg1 Rc5
17.Be3 Qc7 18.Bxc5 Qxc5 19.Qh6 g6 20.f4 Bf6 21.f5 exf5 22.exf5 Bxf5 23.Qxh5
Qe3+ 24.Kb1 Bxd3 25.cxd3 Re8 26.Rg2 { 1-0, Fleck Juergen 2422 - De Gleria
Francesco 2421 , Essen 2002 It (b) } ) ( 11.h4 Be7 12.Kb1 h6 13.Be3 Ne5 14.Bd3
h5 15.g5 Nh7 16.f4 Nxd3 17.cxd3 g6 18.Rhf1 f5 19.gxf6 Nxf6 20.f5 b4 21.Nce2
gxf5 22.exf5 e5 23.Ne6 Qa5 24.Bg5 Qb6 25.Ng3 b3 26.axb3 Qxb3 27.Bxf6 Bxf6
28.Ne4 Be7 29.Ng7+ Kd8 30.Qa5+ Rc7 { ...1-0, Rodriguez Amador 2505 - Nikolic
Stanimir 2320 , Palma de Majorca 1989 Cup World (open) } ) 11...h6 ( 11...Ne5
12.g5 Nh5 13.f4 Nc4 14.Bxc4 Rxc4 15.f5 e5 16.Nde2 Qa5 17.Kb1 Be7 18.Qd3 Rc6
19.Nd5 Bd8 20.Bd2 b4 21.Nxb4 Rc8 22.Qxd6 Be7 23.Qd5 Rc5 24.Qd3 Bb5 25.Qf3 Bxe2
26.Qxe2 Nf4 27.Bxf4 exf4 28.Nd5 Bxg5 29.Rhg1 Bh6 30.b4 f3 31.Qd3 { ...1-0,
Rasik Vitezslav 2465 - Piza Vlastimil 2310 , Czech Republic 1997 Moravian
League 1996/97 (1st) } ) 12.h4 ( 12.Kb1 Ne5 13.Bd3 g6 14.h4 Bg7 15.Nce2 Nc4
16.Bxc4 bxc4 17.Nc3 Rb8 18.Ka1 Qa5 19.Nde2 Qb4 20.Rb1 d5 21.e5 Ng8 22.f4 Ne7
23.h5 g5 24.fxg5 hxg5 25.Bxg5 Bxe5 26.Bf4 f6 27.g5 Nf5 28.gxf6 Bxf6 29.Bxb8
Qxb8 30.h6 Rh7 31.Nxd5 exd5 { ...1-0, Koscielski Janus Darius 2359 - Epishin
Vladimir 2567 , Herford 2000 It (open) (active) } ) ( 12.Nxc6 Bxc6 13.Rg1 {
+0.18 CAP } ) 12...b4 ( 12...Ne5 13.Be2 g6 14.a3 Qc7 15.Rhg1 Qb7 16.g5 Nh5
17.gxh6 Nc4 18.Bxc4 bxc4 19.Rde1 d5 20.exd5 Rb8 21.Nd1 Qxd5 22.Qc3 e5 23.f4
Bxh6 24.fxe5 Bg7 25.Rg5 Be6 26.Nf2 O-O 27.Nxe6 Qxe6 28.Ng4 Rfe8 29.Bd2 Red8
30.Rg1 Kh8 31.Qe3 Rxd2 32.Kxd2 { ...1-0, Timofeev Artyom 2658 - Lugovoi
Aleksei 2547 , Kazan 4. 9.2005 Ch Russia (1/2 final) } ) ( 12...Nxd4 13.Qxd4
e5 14.Qd2 Be7 15.Bd3 b4 16.Nd5 Nxd5 17.exd5 Qa5 18.Kb1 Qxd5 19.Bxa6 Qxd2
20.Bxd2 Rb8 21.g5 Bc6 22.Be2 Kd7 23.gxh6 gxh6 24.c3 d5 25.cxb4 Bxb4 26.Bc1 Be7
27.h5 d4 28.Rhe1 Bh4 29.Rf1 Bd5 30.f4 f6 31.Bg4+ Kd6 32.b3 { ...1-0, Schmitzer
Klaus 2355 - Gruenberg Hans-Ulrich 2450 , Germany 1995 Bundesliga 1994/95 } )
13.Nce2 d5 { -0.72 CAP N } ( 13...Ne5 14.Nf4 Qa5 15.Kb1 Bb5 16.Bxb5+ axb5
17.Qe2 Nc4 18.Nb3 Qc7 19.Bd4 Nd7 20.Nd3 Nc5 21.Nxb4 Na4 22.Nd2 d5 23.Nxc4 dxc4
24.c3 Bxb4 25.cxb4 O-O 26.g5 h5 27.Qh2 Rfd8 28.Qxc7 Rxc7 29.Be5 Rcd7 30.Rxd7
Rxd7 31.Kc2 Rd3 32.b3 Nb6 33.Bc7 { ...1-0, Short Nigel D 2615 - Adianto Utut
2445 , Lugano 1986 It (open) } ) 14.Nxc6 Bxc6 15.Nd4 Qa5 16.Kb1 dxe4 17.Bh3 {
?! } ( 17.Nxc6 { !? } 17...Rxc6 18.fxe4 Bc5 19.Bf4 O-O 20.g5 { } ) 17...exf3
18.g5 { ?! } ( 18.Nxc6 { !? } 18...Rxc6 19.Qf2 Nd5 20.Qxf3 Qa4 21.Rhf1 Qxc2+
22.Ka1 f6 23.Rc1 Qa4 24.Qe4 Be7 { } ) 18...hxg5 19.hxg5 Ne4 20.Qd3 Bd5 21.Nb3
Qb5 22.Qd4 { ?! } ( 22.Qxb5+ { !? } 22...axb5 23.Bf1 Rxh1 24.Bxb5+ Ke7 25.Rxh1
e5 26.Rf1 { } ) 22...Qc4 23.g6 f5 24.Qa7 Be7 25.Rc1 Ra8 26.Qb6 Bd8 27.Qd4 Qxd4
28.Nxd4 Bg5 { } {#R} 0-1

[Event "Ch Finland (team) 2005/06"]
[Site "masterchessopen.com Finland"]
[Date "2006.03.11"]
[Round "8"]
[White "Pulkkinen Kari (FIN)"]
[Black "Paakkonen Timo (FIN)"]
[Result "1-0"]
[WhiteElo "2328"]
[BlackElo "2251"]

1.e4 c5 2.Nf3 d6 3.d4 cxd4 4.Nxd4 Nf6 5.Nc3 Nc6 6.Bg5 e6 7.Qd2 a6 8.O-O-O Bd7
9.f4 b5 10.Bxf6 gxf6 11.Nxc6 Bxc6 12.Qe3 Qa5 13.Kb1 O-O-O 14.Qh3 Kb7 15.Qh5
Qc7 16.Bd3 Kb8 17.Rhf1 Bg7 18.f5 b4 19.Ne2 e5 20.Ng3 d5 21.Qg4 Bf8 22.exd5
Bxd5 23.Be4 Qc4 24.b3 Qc6 25.Rxd5 Rxd5 26.Qf3 Bc5 27.Bxd5 {#r} 1-0

[Event "Memorial V.Ciocaltea (cat.8)"]
[Site "masterchessopen.com Bucharest (Romania)"]
[Date "2006.03.18"]
[Round "11"]
[White "Chirila Ioan Cristian (ROM)"]
[Black "Lupulescu Constantin (ROM)"]
[Result "0-1"]
[WhiteElo "2308"]
[BlackElo "2571"]

1.e4 c5 2.Nf3 d6 3.d4 cxd4 4.Nxd4 Nf6 5.Nc3 Nc6 6.Bg5 e6 7.Qd2 a6 8.O-O-O Bd7
9.f4 b5 10.Nxc6 Bxc6 11.Bd3 b4 12.Ne2 Qb6 13.Bxf6 gxf6 14.f5 e5 15.Kb1 h5
16.g3 Bh6 17.Qe1 Ke7 18.Nc1 a5 19.Bc4 a4 20.Rd3 Qc5 21.b3 axb3 22.cxb3 Bxc1
23.Qxc1 Bxe4 {#R} 0-1

[Event "Memorial Brinzeu (open)"]
[Site "masterchessopen.com Timishoara (Romania)"]
[Date "2006.03.18"]
[Round "1"]
[White "Nevednichy Vladislav (ROM)"]
[Black "Nemes Silviu (ROM)"]
[Result "1-0"]
[WhiteElo "2563"]
[BlackElo "2066"]

1.e4 c5 2.Nf3 d6 3.d4 cxd4 4.Nxd4 Nf6 5.Nc3 Nc6 6.Bg5 e6 7.Qd2 a6 8.O-O-O Bd7
9.f3 Be7 10.h4 h6 11.Be3 h5 12.Bg5 Qc7 13.Kb1 Ne5 14.f4 Neg4 15.Qe1 b5 16.a3
Qb6 17.Be2 b4 18.axb4 Qxb4 19.Bxg4 hxg4 20.e5 a5 21.exd6 Rb8 22.b3 Bf8 23.f5
a4 24.fxe6 fxe6 25.Nc6 Bxc6 26.Qxe6+ Kd8 27.Bxf6+ gxf6 28.Qxf6+ Kd7 29.Qf7+
{#r} 1-0

[Event "Ch Europe"]
[Site "masterchessopen.com Kusadasi (Turkey)"]
[Date "2006.04.07"]
[Round "4"]
[White "Atakisi Umut (TUR)"]
[Black "Jankovic Alojzije (CRO)"]
[Result "0-1"]
[WhiteElo "2394"]
[BlackElo "2533"]

1.e4 c5 2.Nf3 d6 3.d4 cxd4 4.Nxd4 Nf6 5.Nc3 Nc6 6.Bg5 e6 7.Qd2 a6 8.O-O-O Bd7
9.f4 b5 10.Bxf6 gxf6 11.Kb1 Qb6 12.Nxc6 Bxc6 13.f5 Qc5 14.Bd3 h5 15.Rhf1 b4
16.Ne2 Bh6 17.Qe1 e5 18.Rf3 Ke7 19.Rh3 Bg5 20.Ng3 a5 21.Qe2 a4 22.Bc4 h4
23.Nf1 Rhc8 24.Ne3 b3 25.axb3 axb3 26.Bxb3 Qa5 27.c3 Bxe4+ 28.Rd3 Rcb8 29.Nd5+
Bxd5 30.Rd4 Qa1+ 31.Kc2 Rxb3 {#R} 0-1

[Event "Ch Romania (juniors) (under 16)"]
[Site "masterchessopen.com Predeal (Romania)"]
[Date "2006.04.19"]
[Round "9"]
[White "Chirila Ioan Cristian (ROM)"]
[Black "Nemes Silviu (ROM)"]
[Result "1-0"]
[WhiteElo "2297"]
[BlackElo "2071"]

1.e4 c5 2.Nf3 Nc6 3.d4 cxd4 4.Nxd4 Nf6 5.Nc3 d6 6.Bg5 e6 7.Qd2 a6 8.O-O-O Bd7
9.f4 b5 10.Bxf6 gxf6 11.Nxc6 Bxc6 12.f5 b4 13.Ne2 e5 14.Qxb4 d5 15.Qe1 d4
16.Kb1 Qb6 17.Nc1 Rb8 18.Nb3 Bb4 19.Qe2 Bb5 20.Qf3 Bc6 21.Bc4 a5 22.Nc1 Bc3
23.Bb3 Bb4 24.a4 Qb7 25.Qg3 Qd7 26.Qg7 Rf8 27.Qxf6 {#r} 1-0

[Event "Ch Russia (club) (w)"]
[Site "masterchessopen.com Sochi (Russia)"]
[Date "2006.04.29"]
[Round "10"]
[White "Kosintseva Nadezhda (RUS)"]
[Black "Chistiakova Tamara (RUS)"]
[Result "1-0"]
[WhiteElo "2493"]
[BlackElo "2314"]

1.e4 c5 2.Nf3 d6 3.d4 Nf6 4.Nc3 cxd4 5.Nxd4 Nc6 6.Bg5 e6 7.Qd2 a6 8.O-O-O Bd7
9.f3 Be7 10.Kb1 Qc7 11.h4 h6 12.Be3 h5 13.Bg5 b5 14.Nxc6 Bxc6 15.Ne2 b4 16.Nd4
Bd7 17.Bd3 a5 18.Bb5 O-O 19.Bxd7 Qxd7 20.Qe2 g6 21.Qb5 Qc7 22.Nc6 Rfc8
23.Nxe7+ Qxe7 24.e5 dxe5 25.Qxe5 Kg7 26.Rd4 {#r} 1-0

[Event "Cup May Roses (cat.10)"]
[Site "masterchessopen.com Bucharest (Romania)"]
[Date "2006.05.06"]
[Round "2"]
[White "Pilgaard Kim (DEN)"]
[Black "Lupulescu Constantin (ROM)"]
[Result "1-0"]
[WhiteElo "2421"]
[BlackElo "2571"]

1.e4 c5 2.Nf3 d6 3.d4 cxd4 4.Nxd4 Nf6 5.Nc3 Nc6 6.Bg5 e6 7.Qd2 a6 8.O-O-O Bd7
9.f4 b5 10.Bxf6 gxf6 11.Kb1 h5 12.Nxc6 Bxc6 13.Qe1 Ra7 14.Bd3 Qb6 15.f5 b4
16.Ne2 e5 17.h4 Bh6 18.Ng3 Bf4 19.Rh3 Ke7 20.Qe2 Bxg3 21.Rxg3 Raa8 22.Bc4 Bb5
23.Rg7 Bxc4 24.Qxc4 Raf8 25.Qe6+ {#r} 1-0